000 00701nam a22002657a 4500
001 BR2020000188
003 BR-BrBNA
005 20231009104905.0
008 230509b bl.||||| |||| 00| 0 por d
040 _aBR-BrBNA
_bpor
041 _a(Por)
072 _aD50; P01
090 _aD50 BR2020000188
100 1 _aColatto, V.
245 1 _aColetânea do Novo Código Florestal Brasileiro. Inclui a Lei 12.651/2012
250 1 _a2. ed.
260 3 _aBrasília, DF (Brasil):
_c2017.
300 _a215 p.
650 _aFLORESTA
650 _aLEGISLAÇÃO
650 _aPRESERVAÇÃO DA NATUREZA
909 _a202012
_bMara
942 _cBK
999 _c85390
_d85390